Gaming Quiz

Random Gaming or Pokémon Quiz

Pokémon generation V Quiz Stats

 Plays Quiz not verified by Sporcle

Support Sporcle.
Go Orange.
Score 0/32 Timer 06:00
0 Plays Today
% Correct
Mewtwo
88.9%
Mew
88.9%
Vaporeon
85.2%
Vaporeon
85.2%
Espeon
85.2%
Articuno
81.5%
Zapdos
81.5%
Moltres
81.5%
Jolteon
77.8%
Flareon
77.8%
Umbreon
77.8%
Venusaur
74.1%
Vileplume
74.1%
Dragonite
74.1%
Metagross
74.1%
Victreebel
70.4%
% Correct
Venomoth
66.7%
Salamence
66.7%
Garchomp
66.7%
Volt Tackle
59.3%
Vine Whip
55.6%
Vibrava
51.9%
Vulpix
51.9%
Vespiquen
48.1%
Tyranitar
48.1%
Voltorb
48.1%
Volbeat
40.7%
Vital Throw
40.7%
Venonat
40.7%
Vacuum Wave
22.2%
ViceGrip
22.2%
Vigoroth
22.2%

You're not logged in!

Compare scores with friends on all Sporcle quizzes.
OR
Log In

From the Vault

Actors & Actresses by Movie: 'F'

by kfastic

Here's a few fantastic famous actors.
Remove Ads.
Support Sporcle.
Get the best of Sporcle when you Go Orange. This ad-free experience offers more features, more stats, and more fun while also helping to support Sporcle. Thank you for becoming a member.

Show Comments

Extras

Top Quizzes Today


Score Distribution

Your Account Isn't Verified!

In order to create a playlist on Sporcle, you need to verify the email address you used during registration. Go to your Sporcle Settings to finish the process.

Report this User

Report this user for behavior that violates our Community Guidelines.

Details: